000 00714pam a2200217 a 4500
020 _a0070657696
082 0 0 _a624.1776
_bUGU
_cN-1, P-44
100 1 _aUgural, A. C.
_940789
245 1 0 _aStresses in plates and shells /
_cAnsel C. Ugural.
250 _a2nd ed.
260 _aBoston :
_bWCB/McGraw Hill,
_cc1999.
300 _axx, 502 p. :
_bill. ;
_c24 cm.
526 _a0
_b0
_c0
_d624_177600000000000_UGU
650 0 _aNUST
_96342
650 0 _aPlates (Engineering)
650 0 _aShells (Engineering)
_942944
650 0 _aStrains and stresses.
_928238
856 4 1 _uhttp://www.loc.gov/catdir/toc/mh022/98011759.html
856 4 2 _uhttp://www.loc.gov/catdir/description/mh023/98011759.html
942 _2ddc
_cBK
999 _c546835
_d546835